Normal view
MARC view
Entry Personal Name
001 - CONTROL NUMBER
- control field: 72155
003 - CONTROL NUMBER IDENTIFIER
- control field: dpl
005 - DATE AND TIME OF LATEST TRANSACTION
- control field: 20240927163247.0
008 - FIXED-LENGTH DATA ELEMENTS
- fixed length control field: 240927|| aca||aabn | a|a d
040 ## - CATALOGING SOURCE
- Original cataloging agency: dpl
- Transcribing agency: dpl
100 ## - HEADING--PERSONAL NAME
- Personal name: Sreennandan M
670 ## - SOURCE DATA FOUND
- Source citation: Work cat.: (dpl)205995: Thampi, Mahadevan 72154, Evicted From Heaven:, 2024
